More science than art (Record no. 8356)

MARC details
000 -LEADER
fixed length control field 00939cab a2200229 4500
001 - CONTROL NUMBER
control field ABS38878
008 - FIXED-LENGTH DATA ELEMENTS--GENERAL INFORMATION
fixed length control field 090401t1988 xxu||||| |||| 00| 0 eng d
035 ## - SYSTEM CONTROL NUMBER
System control number (Sirsi) u13005
041 ## - LANGUAGE CODE
Language code of text/sound track or separate title eng
100 ## - MAIN ENTRY--PERSONAL NAME
Personal name Cunningham, M.
245 ## - TITLE STATEMENT
Title More science than art
260 ## - PUBLICATION, DISTRIBUTION, ETC.
Date of publication, distribution, etc. 1988
350 ## - PRICE (NR) (BK AM CF MU VM SE) [OBSOLETE]
Price 0
490 ## - SERIES STATEMENT
Series statement Building
Volume/sequential designation 253(7540) 25 March 1988, 60-62(3)
520 ## - SUMMARY, ETC.
Summary, etc. In the final article in the series on software for building contractors , the authors examine five accounting packages which all either link to or have their own estimating systems: Manpack , Multisoft Contractors System , Builders Interactive Accounting System , Builders Estimating Accounting Valuation Engineering Reports system ( BEAVER ) and Conacs . (See also Abstract
650 ## - SUBJECT ADDED ENTRY--TOPICAL TERM
Topical term or geographic name entry element COMPUTERS
650 ## - SUBJECT ADDED ENTRY--TOPICAL TERM
Topical term or geographic name entry element BUILT ENVIRONMENT-QUANTITY SURVEYING
690 ## - LOCAL SUBJECT ADDED ENTRY--TOPICAL TERM (OCLC, RLIN)
Topical term or geographic name as entry element BUILDING AND CONSTRUCTION-COMPUTERS
700 ## - ADDED ENTRY--PERSONAL NAME
Personal name Atkin, B.
942 ## - ADDED ENTRY ELEMENTS (KOHA)
Suppress in OPAC 0
948 ## - LOCAL PROCESSING INFORMATION (OCLC); SERIES PART DESIGNATOR (RLIN)
c (OCLC) 04/03/1997
Holdings
Withdrawn status Lost status Source of classification or shelving scheme Damaged status Not for loan Home library Current library Shelving location Date acquired Total Checkouts Full call number Barcode Date last seen Copy number Price effective from Koha item type
    Dewey Decimal Classification     London London Journal article 14/09/1999   ABS38878 13005-1001 06/08/2019 1 06/08/2019 Journal article